Algunos criterios para identificar y acompañar sacerdotes paidófilos o efebófilos /

Պահպանված է:
Մատենագիտական մանրամասներ
Հիմնական հեղինակ: Muñoz Mora, Fernando A.
Ձևաչափ: Տեքստ
Ցուցիչներ: Ավելացրեք ցուցիչ
Չկան պիտակներ, Եղեք առաջինը, ով նշում է այս գրառումը!

MARC

LEADER 00000 a a2200000 04500
001 8611
003
040
100 |a Muñoz Mora, Fernando A.  
245 |a Algunos criterios para identificar y acompañar sacerdotes paidófilos o efebófilos /  |c Fernando A. Muñoz Mora 
773 |g volumen 1; páginas 39-54  
999 |c 20799  |d 20799